<?xml version="1.0" encoding="UTF-8"?>
<collection xmlns="http://www.loc.gov/MARC21/slim">
 <record>
  <leader>00843nam a2200205   4500</leader>
  <controlfield tag="001">1/25162</controlfield>
  <controlfield tag="008">050712s2002    fr       b   o000 0 eng  </controlfield>
  <datafield tag="020" ind1=" " ind2=" ">
   <subfield code="a">9287150400</subfield>
  </datafield>
  <datafield tag="035" ind1=" " ind2=" ">
   <subfield code="l">26954</subfield>
  </datafield>
  <datafield tag="082" ind1="0" ind2="0">
   <subfield code="a">324.623 WOM</subfield>
  </datafield>
  <datafield tag="245" ind1="0" ind2="0">
   <subfield code="a">Women's individual voting rights :</subfield>
   <subfield code="b">a democratic requirement /</subfield>
   <subfield code="c">Congress of Local and Regional Authorities of Europe</subfield>
  </datafield>
  <datafield tag="260" ind1=" " ind2=" ">
   <subfield code="a">Strasbourg :</subfield>
   <subfield code="b">Council of Europe Pub.,</subfield>
   <subfield code="c">2002</subfield>
  </datafield>
  <datafield tag="300" ind1=" " ind2=" ">
   <subfield code="a">58 σ. ;</subfield>
   <subfield code="c">18 εκ.</subfield>
  </datafield>
  <datafield tag="490" ind1="1" ind2=" ">
   <subfield code="a">Making democratic institutions work ;</subfield>
  </datafield>
  <datafield tag="500" ind1=" " ind2=" ">
   <subfield code="a">Integrated project: Making democratic institutions work.&quot;</subfield>
  </datafield>
  <datafield tag="650" ind1=" " ind2="4">
   <subfield code="a">Women</subfield>
   <subfield code="x">Suffrage</subfield>
   <subfield code="z">Europe.</subfield>
  </datafield>
  <datafield tag="711" ind1="2" ind2=" ">
   <subfield code="a">Congress of Local and Regional Authorities of Europe.</subfield>
  </datafield>
  <datafield tag="830" ind1=" " ind2=" ">
   <subfield code="a">Making democratic institutions work.</subfield>
  </datafield>
  <datafield tag="852" ind1=" " ind2=" ">
   <subfield code="a">INST</subfield>
   <subfield code="b">UNIPILB</subfield>
   <subfield code="c">MAIN</subfield>
   <subfield code="e">20050317</subfield>
   <subfield code="h">324.623 WOM</subfield>
   <subfield code="p">00148640</subfield>
   <subfield code="q">00148640</subfield>
   <subfield code="t">LOAN</subfield>
   <subfield code="y">0</subfield>
   <subfield code="4">1</subfield>
  </datafield>
  <datafield tag="856" ind1="4" ind2=" ">
   <subfield code="d">/webopac/covers/02/26954_9287150400.jpg</subfield>
  </datafield>
 </record>
</collection>
